国立大学の英語名から日本語名 - Statistics

General Stats
  • This quiz has been taken 147 times
  • The average score is 64 of 85
Answer Stats
英語名 日本語名 % Correct
Hokkaido University 北海道大学
100%
Hokkaido University of Education 北海道教育大学
97%
Muroran Institute of Technology 室蘭工業大学
92%
Hirosaki University 弘前大学
90%
Iwate University 岩手大学
90%
Tohoku University 東北大学
90%
University of Tsukuba 筑波大学
90%
Akita University 秋田大学
89%
Yamagata University 山形大学
89%
Fukushima University 福島大学
89%
Ibaraki University 茨城大学
89%
Miyagi University of Education 宮城教育大学
88%
Utsunomiya University 宇都宮大学
87%
Saitama University 埼玉大学
87%
Chiba University 千葉大学
87%
The University of Tokyo 東京大学
87%
Asahikawa Medical University 旭川医科大学
86%
Gunma University 群馬大学
86%
Otaru University of Commerce 小樽商科大学
85%
Kitami Institute of Technology 北見工業大学
85%
Tokyo Gakugei University 東京学芸大学
85%
Ochanomizu University お茶の水女子大学
83%
Hitotsubashi University 一橋大学
83%
Tokyo University of the Arts 東京藝術大学
82%
Tokyo University of Marine Science and Technology 東京海洋大学
82%
Tokyo University of Foreign Studies 東京外国語大学
81%
Yokohama National University 横浜国立大学
81%
University of Yamanashi 山梨大学
78%
Shinshu University 信州大学
78%
Niigata University 新潟大学
78%
Institute of Science Tokyo 東京科学大学
77%
Gifu University 岐阜大学
77%
Nagoya University 名古屋大学
77%
Tokyo University of Agriculture and Technology 東京農工大学
76%
Shizuoka University 静岡大学
76%
Aichi University of Education 愛知教育大学
76%
University of Fukui 福井大学
76%
Shiga University 滋賀大学
76%
Kyoto University 京都大学
76%
The University of Electro-Communications 電気通信大学
75%
Joetsu University of Education 上越教育大学
75%
University of Toyama 富山大学
75%
Kanazawa University 金沢大学
75%
Mie University 三重大学
75%
Kyoto University of Education 京都教育大学
75%
Osaka University 大阪大学
75%
Osaka Kyoiku University 大阪教育大学
75%
Kobe University 神戸大学
75%
Nara Women's University 奈良女子大学
75%
Wakayama University 和歌山大学
75%
Tottori University 鳥取大学
75%
Shimane University 島根大学
75%
Okayama University 岡山大学
75%
Hiroshima University 広島大学
75%
Yamaguchi University 山口大学
75%
Tokushima University 徳島大学
75%
Kagawa University 香川大学
75%
Ehime University 愛媛大学
75%
Kochi University 高知大学
75%
Kyushu University 九州大学
75%
University of Teacher Education Fukuoka 福岡教育大学
75%
Nagasaki University 長崎大学
75%
Kumamoto University 熊本大学
75%
Oita University 大分大学
75%
University of Miyazaki 宮崎大学
75%
Kagoshima University 鹿児島大学
75%
University of the Ryukyus 琉球大学
75%
Nagoya Institute of Technology 名古屋工業大学
74%
Hyogo University of Teacher Education 兵庫教育大学
74%
Nara University of Education 奈良教育大学
74%
Saga University 佐賀大学
74%
Naruto University of Education 鳴門教育大学
72%
Kyushu Institute of Technology 九州工業大学
71%
Hamamatsu University School of Medicine 浜松医科大学
70%
Shiga University of Medical Science 滋賀医科大学
69%
National Institute of Fitness and Sports in Kanoya 鹿屋体育大学
65%
Obihiro University of Agriculture and Veterinary Medicine 帯広畜産大学
62%
Kyoto Institute of Technology 京都工芸繊維大学
59%
Nagaoka University of Technology 長岡技術科学大学
52%
Toyohashi University of Technology 豊橋技術科学大学
50%
National University Corporation Tsukuba University of Technology 筑波技術大学
46%
Nara Institute of Science and Technology 奈良先端科学技術大学院大学
31%
National Graduate Institute for Policy Studies 政策研究大学院大学
22%
Japan Advanced Institute of Science and Technology 北陸先端科学技術大学院大学
21%
The Graduate University for Advanced Studies 総合研究大学院大学
16%
No matching quizzes found
Score Distribution
Percent of People with Each Score
Percentile by Number Answered
Your Score History
You have not taken this quiz